vufinder Bibliothèque Municipale de Charleval de Provence
Se connecter
« Retourner aux résultats de recherche

Histoire du Maroc

Book Cover
Auteur principal: Michel Abitbol
Support: Livres
Langue: Francais
Genre: Documentaire
Sujets:
Étiquettes: Ajouter
Pas de Tags !

LEADER 00762nam0a2200181 450
001 16848412
010 |a 978-2-262-02388-1  |b Br.  |d 25,9 € 
100 |a 20090424d2009 u u0frey01 ba 
101 0 |a fre 
102 |a FR 
200 0 |a Histoire du Maroc  |f Michel Abitbol 
207 1 |a   
215 |a 673 p.  |d 25 x 16 cm 
330 |a Analyses politiques, sociales, économiques et culturelles s'entremêlent dans cette fresque qui prend en compte toutes les composantes humaines qui font la richesse de la civilisation marocaine : berbères, arabes, juives et européennes. 
700 0 |a Abitbol  |b Michel  |4 70 
900 |a Documentaire 
901 |a Accessible au prêt 
995 |a Bibliothèque  |c Bibliothèque  |f 00156007023591  |h 00156007023591  |k 964 ABI  |o p  |q a  |r az  |e Bibliothèque 

Options de recherche

Historique de recherche
Recherche avancée

Trouver plus

Nouveautés

Besoin d'aide ?

Contacter un bibliothécaire